| 000 | 00501nam a2200193Ia 4500 | ||
|---|---|---|---|
| 008 | 151119s9999||||xx |||||||||||||| ||und|| | ||
| 082 | _a823Sha/Thel | ||
| 082 | _bGKKV32188 | ||
| 100 | _a"Sharma , Robin" | ||
| 245 | 4 | _aThe Leader Who had No Title | |
| 260 | _aMumbai | ||
| 260 | _bJaico Publishing House | ||
| 260 | _c2010 | ||
| 600 | _a"Sharma , Robin" | ||
| 630 | _aThe Leader Who had No Title | ||
| 700 | _a"Sharma , Robin" | ||
| 730 | _aThe Leader Who had No Title | ||
| 942 | _cBOOK | ||
| 999 |
_c1084493 _d1084490 |
||